000 00606nam a22001457a 4500
020 _a978-1-906694-15-9
082 _a823
_bLAR/G
100 _aLARSSON,STIEG
245 _aTHE GIRL WHO PLAYED WITH FIRE
260 _aLONDON
_bMACLEHOSE PRESS
300 _a649
520 _aOn the eve of its publication, the two reporters responsible for the article are murdered, and the fingerprints found on the murder weapon belong to his friend, the troubled genius hacker Lisbeth Salander. Blomkvist, convinced of Salander's innocence, plunges into an investigation.
650 _aNOVEL,ENGLISH
_zLONDON
942 _cBK
999 _c2461
_d2461